000 00944nam a2200289Ia 4500
003 OSt
005 20220918170739.0
006 a|||||r|||| 00| 0
007 ta
008 220917b |||||||| |||| 00| 0 eng d
020 _a9780415858816 (pbk)
_c3868.63
024 _a289,224
037 _b1110, 08/03/2016, Bright Book Service
_cTextual
040 _aARTS
_cARTS
_beng
041 _2eng
_aeng
082 _aQ.1, P1;Q6
100 _aWoodhead Linda Ed.
_930845
245 0 _aReligion in the modern world
_b Traditions and transformations
250 _a3rd
260 _aLondon
_bRoutledge UK
_c2016
300 _axvi, 598p.
_ccm.
650 _aRELIGION
700 _a Kawanami Hiroko Ed.
_930846
700 _a Partridge Christopher Ed.
_94079
942 _hQ.1, P1;Q6
_cTEXL
_2CC
999 _c135494
_d135494